Трудоустройство выпускников Сибирского федерального округа. Спрос и предложение на рынке труда; Прогрессивные технологии и экономика в машиностроении

Bibliographic Details
Parent link:Прогрессивные технологии и экономика в машиностроении.— 2013.— [С. 434-436]
Main Author: Мурашкина А. Ю.
Corporate Author: Национальный исследовательский Томский политехнический университет (ТПУ) Юргинский технологический институт (филиал) (ЮТИ) Кафедра экономики и автоматизации систем управления (ЭАСУ)
Other Authors: Гончарук М. А. (научный руководитель), Медведева И. В. Ирина Валентиновна
Summary:Заглавие с экрана
Language:Russian
Published: 2013
Series:Экономика, менеджмент и маркетинг на предприятии
Subjects:
Online Access:http://www.lib.tpu.ru/fulltext/c/2013/C57/197.pdf
Format: Electronic Book Chapter
KOHA link:https://koha.lib.tpu.ru/cgi-bin/koha/opac-detail.pl?biblionumber=606512

MARC

LEADER 00000naa2a2200000 4500
001 606512
005 20231101132415.0
035 |a (RuTPU)RU\TPU\conf\3891 
035 |a RU\TPU\conf\3890 
090 |a 606512 
100 |a 20140602d2013 k y0rusy50 ca 
101 0 |a rus  |g rus 
102 |a RU 
105 |a y z 100zy 
135 |a drcn ---uucaa 
181 0 |a i  
182 0 |a b 
200 1 |a Трудоустройство выпускников Сибирского федерального округа. Спрос и предложение на рынке труда  |f А. Ю. Мурашкина, М. А. Гончарук  |g науч. рук. И. В. Медведева 
203 |a Текст  |c электронный 
215 |a 1 файл(266 Кб) 
225 1 |a Экономика, менеджмент и маркетинг на предприятии 
230 |a Электронные текстовые данные (1 файл: 266 Кб) 
300 |a Заглавие с экрана 
320 |a [Библиогр.: с. 436 (4 назв.)] 
337 |a Adobe Reader 
463 1 |0 (RuTPU)RU\TPU\conf\2057  |t Прогрессивные технологии и экономика в машиностроении  |o сборник трудов IV Всероссийской научно-практической конференции с элементами научной школы для студентов и учащейся молодежи, 4-6 апреля 2013 года, Юрга  |f Национальный исследовательский Томский политехнический университет (ТПУ), Юргинский технологический институт (ЮТИ) ; отв. за вып. Д. А. Чинахов  |v [С. 434-436]  |d 2013 
610 1 |a электронный ресурс 
610 1 |a труды учёных ТПУ 
610 1 |a трудоустройство 
610 1 |a выпускники 
610 1 |a спрос 
610 1 |a предложения 
610 1 |a рынок труда 
610 1 |a Сибирский федеральный округ 
700 1 |a Мурашкина  |b А. Ю. 
701 1 |a Гончарук  |b М. А. 
702 1 |a Медведева  |b И. В.  |c экономист  |c старший преподаватель Юргинского технологического института (филиал) Томского политехнического университета  |f 1981-  |g Ирина Валентиновна  |2 stltpush  |4 727 
712 0 2 |a Национальный исследовательский Томский политехнический университет (ТПУ)  |b Юргинский технологический институт (филиал) (ЮТИ)  |b Кафедра экономики и автоматизации систем управления (ЭАСУ)  |h 360  |2 stltpush  |3 (RuTPU)RU\TPU\col\18900 
801 1 |a RU  |b 63413507  |c 20101016 
801 2 |a RU  |b 63413507  |c 20140602  |g RCR 
856 4 |u http://www.lib.tpu.ru/fulltext/c/2013/C57/197.pdf 
942 |c BK